Appalachian States in Order by Average Temperature - Statistics

General Stats
  • This quiz has been taken 9 times
  • The average score is 12 of 18
Answer Stats
Avg. Annual Temperature U.S. State % Correct
65.9 °F (18.8 °C) Georgia
100%
61.2 °F (16.2 °C) North Carolina
100%
64.8 °F (18.2 °C) South Carolina
100%
65.4 °F (18.6 °C) Alabama
86%
57.5 °F (14.2 °C) Maryland
86%
60.6 °F (15.9 °C) Tennessee
86%
55.7 °F (13.2 °C) New Jersey
71%
49.0 °F (9.4 °C) New York
71%
58.0 °F (14.4 °C) Virginia
71%
58.8 °F (14.9 °C) Kentucky
57%
45.0 °F (7.2 °C) Maine
57%
51.2 °F (10.7 °C) Massachusetts
57%
47.0 °F (8.3 °C) New Hampshire
57%
52.1 °F (11.2 °C) Pennsylvania
57%
46.3 °F (7.9 °C) Vermont
57%
55.1 °F (12.8 °C) West Virginia
57%
52.2 °F (11.2 °C) Connecticut
43%
54.9 °F (12.7 °C) Ohio
14%
No matching quizzes found
Score Distribution
Percent of People with Each Score
Percentile by Number Answered
Your Score History
You have not taken this quiz